Serious game for offensive network security training

Na minha lista:
Detalhes bibliográficos
Autor principal: Hoang The, Vinh (Author)
Outros Autores: Helebrandt, Pavol (Thesis advisor)
Formato: Manuscrito Livro
Idioma:eslovaco
inglês
Publicado em: 2025
Assuntos:
Acesso em linha:http://is.stuba.sk/zp/portal_zp.pl?podrobnosti=177085
Tags: Adicionar Tag
Sem tags, seja o primeiro a adicionar uma tag!

MARC

LEADER 00000ntm a22000003a 4500
001 stuzp100179
003 SK-STU
005 20250607210333.2
007 ta
008 150427s2015----xo-----f-mn---000-0-slo-d
040 |a STU  |b slo 
041 0 |a eng 
100 1 |a Hoang The, Vinh  |u 070400  |4 aut  |U FIIT Fakulta informatiky a informačných technológií  |T FIIT Ústav počítačového inžinierstva a aplikovanej informatiky  |X 102947  |U I400  |Y 672  |7 102947 
242 0 1 |a Hra pre kybernetický polygón so zameraním na ofenzívnu sieťovú bezpečnosť  |y slo 
245 1 0 |a Serious game for offensive network security training 
260 |c 2025 
650 4 |a Gamified simulations  |2 eng 
650 4 |a Cyber security training  |2 eng 
650 4 |a Offensive network security  |2 eng 
650 4 |a Cyber exercise  |2 eng 
650 4 |a KYPO Cyber range  |2 eng 
650 4 |a Ofenzívna sieťová bezpečnosť  |2 slo 
650 4 |a Simulované cvičenia  |2 slo 
650 4 |a Tréning kybernetickej bezpečnosti  |2 slo 
650 4 |a KYPO kybernetický polygón  |2 slo 
650 4 |a Kybernetická bezpečnosť  |2 slo 
700 1 |a Helebrandt, Pavol  |u 070400  |k Z1  |4 ths  |U FIIT Fakulta informatiky a informačných technológií  |T FIIT Ústav počítačového inžinierstva a aplikovanej informatiky  |X 35267  |U I400  |Y 672  |7 35267 
856 4 |u http://is.stuba.sk/zp/portal_zp.pl?podrobnosti=177085